<?xml version="1.0" encoding="UTF-8"?>
<record
    xmlns:xsi="http://www.w3.org/2001/XMLSchema-instance"
    xsi:schemaLocation="http://www.loc.gov/MARC21/slim http://www.loc.gov/standards/marcxml/schema/MARC21slim.xsd"
    xmlns="http://www.loc.gov/MARC21/slim">

  <leader>00345nam a2200145   4500</leader>
  <controlfield tag="003">OSt</controlfield>
  <controlfield tag="008">250128b        |||||||| |||| 00| 0 eng d</controlfield>
  <datafield tag="100" ind1=" " ind2=" ">
    <subfield code="a">FOROUAN, Behrouz A.</subfield>
  </datafield>
  <datafield tag="245" ind1=" " ind2=" ">
    <subfield code="a">Computer Networks</subfield>
    <subfield code="b">A Top Down Approach</subfield>
  </datafield>
  <datafield tag="250" ind1=" " ind2=" ">
    <subfield code="a">Rep</subfield>
  </datafield>
  <datafield tag="260" ind1=" " ind2=" ">
    <subfield code="a">New Delhi</subfield>
    <subfield code="b">Mc Graw Hill</subfield>
    <subfield code="c">2023</subfield>
  </datafield>
  <datafield tag="300" ind1=" " ind2=" ">
    <subfield code="a">931</subfield>
  </datafield>
  <datafield tag="650" ind1=" " ind2=" ">
    <subfield code="a">CSE</subfield>
  </datafield>
  <datafield tag="942" ind1=" " ind2=" ">
    <subfield code="2">ddc</subfield>
    <subfield code="c">BK</subfield>
  </datafield>
  <datafield tag="999" ind1=" " ind2=" ">
    <subfield code="c">13037</subfield>
    <subfield code="d">13037</subfield>
  </datafield>
  <datafield tag="952" ind1=" " ind2=" ">
    <subfield code="0">0</subfield>
    <subfield code="1">0</subfield>
    <subfield code="2">ddc</subfield>
    <subfield code="4">0</subfield>
    <subfield code="7">0</subfield>
    <subfield code="8">BTECHCSE</subfield>
    <subfield code="a">PIET</subfield>
    <subfield code="b">PIET</subfield>
    <subfield code="d">2025-01-07</subfield>
    <subfield code="e">JBA Distributor</subfield>
    <subfield code="f">INR</subfield>
    <subfield code="g">1050.00</subfield>
    <subfield code="k">INV2108</subfield>
    <subfield code="l">0</subfield>
    <subfield code="o">004.6 FOC</subfield>
    <subfield code="p">38618</subfield>
    <subfield code="r">2025-01-28 00:00:00</subfield>
    <subfield code="v">735.00</subfield>
    <subfield code="w">2025-01-07</subfield>
    <subfield code="y">REF</subfield>
    <subfield code="z">Decentralization</subfield>
  </datafield>
</record>
